| 000 -LEADER |
| fixed length control field |
01517 a2200253 4500 |
| 003 - CONTROL NUMBER IDENTIFIER |
| control field |
Nust |
| 005 - DATE AND TIME OF LATEST TRANSACTION |
| control field |
20220817111647.0 |
| 010 ## - LIBRARY OF CONGRESS CONTROL NUMBER |
| LC control number |
2002073356 |
| 020 ## - INTERNATIONAL STANDARD BOOK NUMBER |
| International Standard Book Number |
0849300657 (alk. paper) |
| 040 ## - CATALOGING SOURCE |
| Transcribing agency |
Nust |
| 082 00 - DEWEY DECIMAL CLASSIFICATION NUMBER |
| Classification number |
621.3822,APP |
| 245 00 - TITLE STATEMENT |
| Title |
Applications in time-frequency signal processing / |
| Statement of responsibility, etc. |
edited by Antonia Papandreou-Suppappola. |
| 260 ## - PUBLICATION, DISTRIBUTION, ETC. |
| Place of publication, distribution, etc. |
Boca Raton : |
| Name of publisher, distributor, etc. |
CRC Press, |
| Date of publication, distribution, etc. |
c2003. |
| 300 ## - PHYSICAL DESCRIPTION |
| Extent |
409 p. : |
| Other physical details |
ill. ; |
| Dimensions |
24 cm. |
| 440 #4 - SERIES STATEMENT/ADDED ENTRY--TITLE |
| Title |
The electrical engineering and applied signal processing series |
| 9 (RLIN) |
97650 |
| 505 ## - FORMATTED CONTENTS NOTE |
| Formatted contents note |
Time Frequency Processing (Page-1), Interference Excision Via Time Frequency Distributions (Page-85), Positive Time Frequency Distributions (Page-121),Positive Time Frequency Distributions and Acoustic Echoes (Page-163), Time Frequency Reassignment from Principles to Algorithms (Page-179),Linear Time Freqquency Filters (Page-205), Discrete Reduced Inteference Distributions (Page-273),Time Frequency Analysis of Seismic Reflection Data (Page-307), Time Frequency Methodology for Newborn EEG Seizure Detection (Page-339),Quadratic Time Frequency Features for Speech Recognition (Page-371), |
| 650 #0 - SUBJECT ADDED ENTRY--TOPICAL TERM |
| Topical term or geographic name entry element |
Frequency spectra. |
| 9 (RLIN) |
97651 |
| 650 #0 - SUBJECT ADDED ENTRY--TOPICAL TERM |
| Topical term or geographic name entry element |
Telecommunication engineering |
| 650 #0 - SUBJECT ADDED ENTRY--TOPICAL TERM |
| Topical term or geographic name entry element |
Time-series analysis. |
| 700 1# - ADDED ENTRY--PERSONAL NAME |
| Personal name |
Papandreou-Suppappola, Antonia. |
| 9 (RLIN) |
97652 |
| 856 41 - ELECTRONIC LOCATION AND ACCESS |
| Materials specified |
Publisher description |
| Uniform Resource Identifier |
<a href="http://www.loc.gov/catdir/enhancements/fy0646/2002073356-d.html">http://www.loc.gov/catdir/enhancements/fy0646/2002073356-d.html</a> |
| 856 41 - ELECTRONIC LOCATION AND ACCESS |
| Materials specified |
Table of contents only |
| Uniform Resource Identifier |
<a href="http://www.loc.gov/catdir/toc/fy034/2002073356.html">http://www.loc.gov/catdir/toc/fy034/2002073356.html</a> |
| 942 ## - ADDED ENTRY ELEMENTS (KOHA) |
| Koha item type |
Reference |
| Source of classification or shelving scheme |
|